000
00303nam a22001337a 4500
008
171024b xxu||||| |||| 00| 0 eng d
020
_a
9780750657662
041
_a
eng
080
_2
5TH
_a
311
100
_a
55
101
_a
STA
245
_a
STATISTICAL PROCESS CONTROL
_c
OAKLAND,J.S
942
_2
udc
_c
BK
999
_c
35740
_d
35740